Villes présentes en Ligue 1 sur une carte. - Statistiques

Statistiques générales
  • Ce quiz a été pris 3 259 fois
    2 357 depuis la dernière actualisation
  • Le résultat moyen est 18 sur 20
Réponses sur la Carte
Les réponses sont colorées sur une échelle allant du rouge au vert en fonction du pourcentage des utilisateurs qui les ont devinées à leur premier essai. Vous pouvez retrouver ces pourcentages ci-dessous.
 
Statistiques - réponses
Ville % Correct
Paris
100%
Lille
99%
Marseille
99%
Lyon
98%
Nice
98%
Strasbourg
98%
Nantes
97%
Rennes
97%
Toulouse
97%
Brest
96%
Monaco
96%
Montpellier
95%
Lens
94%
Ajaccio
93%
Clermont
87%
Lorient
85%
Reims
84%
Angers
82%
Auxerre
73%
Troyes
70%
Aucun quiz correspondant
Distribution des résultats
% des personnes avec chaque résultat
Percentile par nombre de réponses
Votre historique - résultats
Vous n’avez pas pris ce quiz depuis la dernière actualisation